| 000 | 01629nam a2200277Ia 4500 | ||
|---|---|---|---|
| 003 | Ost | ||
| 005 | 20260507075231.0 | ||
| 008 | 260507s9999||||xx |||||||||||||| ||und|| | ||
| 020 | _a12064099619 | ||
| 040 | _cfsecg | ||
| 041 | _aara | ||
| 082 | _a330 | ||
| 100 |
_aتومي، صالح _eمؤلف |
||
| 245 | 0 |
_aمبادئ التحليل الاقتصاد الكلي مع تمارين و مسائل محلولة / _c صالح تومي |
|
| 250 | _aطبعة 2 | ||
| 260 |
_aالجزائر: _bدار اسامة, _c2009 |
||
| 300 |
_a434 صفحة؛ _bإيضاحات ؛ _c24 سم |
||
| 504 | _aمراجع ص.429؛هوامش ص.420 | ||
| 520 | _aمدخل لمفهوم الاقتصاد الكلي و لحسابات الدخل الوطني ، النموذج الكلاسيكي الأساسي للعمالة ، النقود ، الأسعار و سعر الفائدة ،النموذج الكينزي البسيط للدخل و الانفاق ، دور النقود ، الفائدة ،سعر الصرف و الدخل في تحديد المستوى التوازني للناتج ، التذبذبات الاقتصادية في الأجلين القصير و الطويل و علاقتها بالناتج ، الاسعار و العمالة ، ديناميكية التضخم و البطالة مع وجود سلسلة تمارين محلولة و غير محلولة في نهاية كل فصل . | ||
| 653 | _aالاقتصاد الكلي | ||
| 653 | _aالبطالة | ||
| 653 | _aالتحليل الاقتصادي | ||
| 653 | _aالتحليل الاقتصادي الكلي | ||
| 653 | _aالتضخم | ||
| 942 | _cكتاب | ||
| 999 |
_c43565 _d43565 |
||